00491nam a2200085Ia 4500008004100000245001700041300028200058650001600340856004900356170517s9999 xx 000 0 und d aGut Reaction aThe medical community has long professed the numerous risk factors associated with an unhealthy diet. The foods we eat can play a primary role in determining our vulnerability towards many potentially life-threatening conditions including obesity, high blood pressure, heart... xTechnology. uhttp://topdocumentaryfilms.com/gut-reaction/